[Event "20th Dubai Open 2018"]
[Site "Dubai UAE"]
[Date "2018.04.09"]
[Round "8.31"]
[White "Song, Yuxin"]
[Black "Tania, Sachdev"]
[Result "1/2-1/2"]
[WhiteTitle "WCM"]
[BlackTitle "IM"]
[WhiteElo "2075"]
[BlackElo "2407"]
[WhiteFideId "8614300"]
[BlackFideId "5007844"]
[EventDate "2018.04.02"]

1. e4 c5 2. Nf3 e6 3. d4 cxd4 4. Nxd4 a6 5. c4 Nf6 6. Nc3 Qc7 7. Be2 b6 8. Be3
Bb7 9. f3 Be7 10. a3 d6 11. O-O O-O 12. Qe1 Nbd7 13. Qf2 Rac8 14. Rfc1 Qb8 15.
b4 Bd8 16. Nb3 Bc7 17. g3 Rfe8 18. Bf1 h5 19. Nd2 d5 20. exd5 exd5 21. cxd5 h4
22. gxh4 Bxh2+ 23. Qxh2 Qxh2+ 24. Kxh2 Rxe3 25. Nde4 Rxf3 26. Bh3 Rc4 27. Kg2
Re3 28. Bxd7 Nxd7 29. Kf2 Rh3 30. Nd6 Rcxc3 31. Rxc3 Rxc3 32. Nxb7 Rc7 33. Nd6
Nf6 34. Rd1 g6 35. Rd4 b5 36. Ne4 Rc2+ 37. Ke3 1/2-1/2

[Event "20th Dubai Open 2018"]
[Site "Dubai UAE"]
[Date "2018.04.09"]
[Round "8.32"]
[White "Arjun, Kalyan"]
[Black "Priyanka, Nutakki"]
[Result "1-0"]
[WhiteElo "2397"]
[BlackElo "1957"]
[WhiteFideId "35018701"]
[BlackFideId "25049615"]
[EventDate "2018.04.02"]

1. e4 e6 2. d4 d5 3. Nc3 Bb4 4. e5 c5 5. a3 Bxc3+ 6. bxc3 Ne7 7. Qg4 Qc7 8. Bd3
cxd4 9. Ne2 dxc3 10. Qxg7 Rg8 11. Qxh7 Qxe5 12. h4 Nd7 13. Bf4 Qf6 14. Bg5 Qh8
15. Qxh8 Rxh8 16. Nxc3 a6 17. O-O-O f6 18. Be3 Kf7 19. h5 Ne5 20. Be2 b5 21. f4
Nc4 22. Bxc4 bxc4 23. Bc5 Bb7 24. Ne4 Nf5 25. g4 Bc8 26. Nc3 Nh6 27. Rhg1 Rg8
28. g5 Nf5 29. Ne2 Bd7 30. Nd4 Rh8 31. Nxf5 exf5 32. Rxd5 Be6 33. Rd6 fxg5 34.
fxg5 Rxh5 35. g6+ Kf6 36. Re1 Re8 37. Bd4+ 1-0

[Event "20th Dubai Open 2018"]
[Site "Dubai UAE"]
[Date "2018.04.09"]
[Round "8.33"]
[White "Zhu, Yilun"]
[Black "Rajdeep, Sarkar"]
[Result "1-0"]
[BlackTitle "FM"]
[WhiteElo "2195"]
[BlackElo "2393"]
[WhiteFideId "8609292"]
[BlackFideId "25007963"]
[EventDate "2018.04.02"]

1. e4 e5 2. Nf3 Nc6 3. Bc4 g6 4. c3 d6 5. d4 Qe7 6. O-O Bg7 7. Ng5 Nh6 8. d5 Nd8
9. Be2 O-O 10. c4 f5 11. exf5 gxf5 12. Nc3 f4 13. Nce4 Nf5 14. Bg4 Bh6 15. Nf3
Qg7 16. Bh3 Nh4 17. Nxh4 Bxh3 18. Kh1 Bg4 19. f3 Bd7 20. g4 fxg3 21. Rg1 Bf4 22.
Nxg3 Kh8 23. Bxf4 exf4 24. Ne4 Qe7 25. Qd4+ Qe5 26. Qf2 Nf7 27. Rae1 Qe7 28.
Nxd6 Qxd6 29. Qd4+ Ne5 30. Qxe5+ Qxe5 31. Rxe5 Rf7 32. Rge1 Raf8 33. Re7 Bh3 34.
Ng2 Kg8 35. Kg1 b6 36. R1e4 Bxg2 37. Kxg2 a5 38. Kh3 Kg7 39. Kg4 Kg6 40. Rxf7
h5+ 41. Kxf4 Rxf7+ 42. Ke3 Kg5 43. h4+ Kg6 44. Re6+ Kf5 45. Rh6 Re7+ 46. Kf2 Ke5
47. Re6+ Rxe6 48. f4+ Kf5 49. dxe6 Kxe6 50. b3 c6 51. Ke3 Kf5 52. Kf3 b5 53.
cxb5 cxb5 54. a3 a4 55. b4 Kf6 56. Ke4 Ke6 57. f5+ 1-0

[Event "20th Dubai Open 2018"]
[Site "Dubai UAE"]
[Date "2018.04.09"]
[Round "8.34"]
[White "Muthaiah, AL"]
[Black "Mahitosh, Dey"]
[Result "1-0"]
[WhiteElo "2372"]
[BlackElo "1913"]
[WhiteFideId "5092442"]
[BlackFideId "25091468"]
[EventDate "2018.04.02"]

1. c4 e6 2. Nf3 Nf6 3. g3 d5 4. Bg2 b6 5. O-O Bb7 6. cxd5 exd5 7. d4 Bd6 8. Nh4
Qd7 9. Qc2 g6 10. Nc3 O-O 11. Bg5 Be7 12. Nf3 Nc6 13. Rfd1 Qe6 14. a3 Rad8 15.
Bf4 Qc8 16. Ne5 Qa8 17. Nxc6 Bxc6 18. Bxc7 Rc8 19. Bf4 Ne4 20. Bh3 Nxc3 21. bxc3
f5 22. Be5 Bd7 23. Bg2 Qc6 24. Rd3 Be6 25. a4 a6 26. Qd2 Rf7 27. h4 Qd7 28. Qf4
Rc4 29. Re3 Bd8 30. Qh6 Rc6 31. Qf4 Qc8 32. Ra3 Qd7 33. Bf3 Qe7 34. Rb3 Qf8 35.
Bb8 h6 36. Rxe6 Rxe6 37. Bxd5 Rxe2 38. c4 Kh7 39. Bxf7 Qxf7 40. d5 g5 41. Qd6
Qe7 42. Qxe7+ Rxe7 43. hxg5 hxg5 44. a5 Rb7 45. Be5 b5 46. c5 Re7 47. f4 Bxa5
48. d6 Re6 49. c6 Bb6+ 50. Kg2 1-0

[Event "20th Dubai Open 2018"]
[Site "Dubai UAE"]
[Date "2018.04.09"]
[Round "8.35"]
[White "Ashwath, R."]
[Black "Sadhwani, Raunak"]
[Result "1-0"]
[BlackTitle "FM"]
[WhiteElo "2250"]
[BlackElo "2358"]
[WhiteFideId "5021049"]
[BlackFideId "35093487"]
[EventDate "2018.04.02"]

1. d4 Nf6 2. c4 e6 3. Nc3 Bb4 4. Nf3 c5 5. g3 Nc6 6. Bg2 Ne4 7. Bd2 Nxd2 8. Qxd2
cxd4 9. Nxd4 Ne5 10. b3 Qa5 11. Rc1 O-O 12. O-O a6 13. Qc2 Rb8 14. Ne4 f5 15.
Nc3 Ba3 16. Rcd1 b5 17. cxb5 axb5 18. Nb1 Be7 19. Rc1 Ba6 20. Qc7 Qxc7 21. Rxc7
Bd8 22. Rc2 Bb6 23. Nf3 Ng4 24. e3 Rbc8 25. Rd2 b4 26. Re1 d5 27. Ng5 Rfe8 28.
Nxe6 Rxe6 29. Bxd5 Re8 30. Red1 Ne5 31. Bxe6+ Rxe6 32. Rd6 Kf7 33. a3 bxa3 34.
Nxa3 Bb7 35. Nc4 Nf3+ 36. Kg2 Bc7 37. Rd7+ Re7 38. Rxc7 Rxc7 39. Nd6+ Ke6 40.
Nxb7 Rxb7 41. Kxf3 Rxb3 42. g4 fxg4+ 43. Kxg4 Rb2 44. Kg3 Rb4 45. Ra1 Rb6 46.
Ra2 Kf5 47. Ra5+ Kf6 48. h4 Rb4 49. f3 Rb1 50. e4 Rh1 51. h5 Rg1+ 52. Kf4 Rh1
53. Ra6+ Kf7 54. h6 gxh6 55. e5 Rh2 56. Kf5 Rh5+ 57. Ke4 Rh1 58. f4 Rh2 59. Ra7+
Kg8 60. Kf5 Rg2 61. e6 Kf8 62. Rxh7 Rh2 63. Kf6 1-0

[Event "20th Dubai Open 2018"]
[Site "Dubai UAE"]
[Date "2018.04.09"]
[Round "8.36"]
[White "Pantsulaia, Levan"]
[Black "Drljevic, Ljilja"]
[Result "1-0"]
[WhiteTitle "GM"]
[BlackTitle "WIM"]
[WhiteElo "2592"]
[BlackElo "2224"]
[WhiteFideId "13602071"]
[BlackFideId "928879"]
[EventDate "2018.04.02"]

1. c4 e5 2. Nc3 d6 3. Nf3 f5 4. g3 Nf6 5. Bg2 g6 6. O-O Bg7 7. d3 O-O 8. c5 Nc6
9. cxd6 cxd6 10. b4 h6 11. b5 Ne7 12. Qb3+ Rf7 13. a4 Nd7 14. Ba3 Nc5 15. Bxc5
dxc5 16. a5 Qd6 17. Nd2 e4 18. Nc4 Qd4 19. Rac1 Be6 20. Na4 exd3 21. Qxd3 Nd5
22. Qxd4 Bxd4 23. e3 Nc3 24. Nxc3 Bxc4 25. exd4 Bxf1 26. Kxf1 cxd4 27. Nd5 Rd8
28. Ke2 d3+ 29. Kd2 f4 30. gxf4 Kf8 31. Be4 Rfd7 32. Nc7 Rd6 33. Bxb7 R8d7 34.
b6 axb6 35. a6 Re7 36. a7 1-0

[Event "20th Dubai Open 2018"]
[Site "Dubai UAE"]
[Date "2018.04.09"]
[Round "8.37"]
[White "Sidhant, Mohapatra"]
[Black "Aradhya, Garg"]
[Result "1-0"]
[WhiteTitle "IM"]
[WhiteElo "2382"]
[BlackElo "2218"]
[WhiteFideId "5028698"]
[BlackFideId "25006746"]
[EventDate "2018.04.02"]

1. c4 e6 2. Nc3 d5 3. d4 Nf6 4. Nf3 Bb4 5. Bg5 Nbd7 6. cxd5 exd5 7. e3 c5 8. Be2
O-O 9. O-O Qa5 10. Qc2 c4 11. Nd2 Re8 12. Bh4 h6 13. a3 Be7 14. Bf3 g6 15. b3
cxb3 16. Nxb3 Qd8 17. Nxd5 Nxd5 18. Bxd5 Kg7 19. Bg3 Nf6 20. Bf3 Bd6 21. Bxd6
Qxd6 22. Qc5 Qa6 23. Qb4 Rb8 24. Rac1 b6 25. Nc5 Qa5 26. Qxa5 bxa5 27. Rb1 Rb6
28. e4 Nd7 29. Na4 Rd6 30. Rfd1 f6 31. Rb5 a6 32. Rbb1 g5 33. h3 h5 34. Rbc1 g4
35. hxg4 hxg4 36. Bxg4 Rxe4 37. f3 Re8 38. Rc7 Kg6 39. Rdc1 f5 40. Bh3 Rxd4 41.
Nb2 Rd2 42. Nc4 Rd5 43. Rc6+ Kg5 44. Nd6 Re2 45. Nxc8 Rdd2 46. Rd6 Ne5 47. Rxd2
Rxd2 48. Ne7 Nd3 49. Rc6 Nf4 50. Kh2 Re2 51. Rc5 Nxh3 52. Rxf5+ Kh6 53. Kxh3
Rxe7 54. Rxa5 Re6 55. g4 Kg7 56. Kg3 Rc6 57. a4 Kf7 58. f4 Rh6 59. g5 Rb6 60.
Kg4 Kg6 61. Rc5 Kf7 62. Rc7+ Kg8 63. f5 a5 64. Kh5 Kh8 65. f6 Kg8 66. Kg6 Rb8
67. Rg7+ Kf8 68. Rh7 1-0

[Event "20th Dubai Open 2018"]
[Site "Dubai UAE"]
[Date "2018.04.09"]
[Round "8.38"]
[White "Tissir, Mohamed"]
[Black "Abou El Zein, Eid Mahmoud"]
[Result "0-1"]
[WhiteTitle "IM"]
[BlackTitle "IM"]
[WhiteElo "2381"]
[BlackElo "2156"]
[WhiteFideId "9000240"]
[BlackFideId "10600078"]
[EventDate "2018.04.02"]

1. e4 c5 2. Nc3 Nc6 3. Bb5 g6 4. Bxc6 bxc6 5. d3 Bg7 6. Nge2 d6 7. Be3 Nf6 8. h3
O-O 9. O-O e5 10. Qd2 Ne8 11. Bh6 Nc7 12. Bxg7 Kxg7 13. f4 exf4 14. Nxf4 Ne6 15.
Qe3 Nd4 16. Rf2 Rb8 17. b3 Qe7 18. Qg3 Qe5 19. Raf1 Bd7 20. Nd1 f6 21. Ne3 Be6
22. Kh1 Rbe8 23. Nxe6+ Rxe6 24. Qh4 d5 25. c3 Nb5 26. c4 Nc7 27. Ng4 Qd4 28. e5
f5 29. Qh6+ Kg8 30. Nf6+ Rfxf6 31. exf6 Rxf6 32. Re2 Re6 33. Rfe1 Qf6 34. Qf4
Rxe2 35. Rxe2 Qd8 36. Qe5 Kf7 37. Re1 h5 38. Qe3 Qd6 39. d4 Ne6 40. dxc5 Nxc5
41. Qe8+ Kf6 42. cxd5 cxd5 43. Qh8+ Kg5 44. Qe5 Qf8 45. Qxd5 Kh6 46. Qd2+ Kh7
47. Rc1 Ne4 48. Rc7+ Kh8 49. Qd7 Nf6 50. Qe6 Ng8 51. Qxg6 Nf6 52. Rf7 0-1

[Event "20th Dubai Open 2018"]
[Site "Dubai UAE"]
[Date "2018.04.10"]
[Round "9.2"]
[White "Iturrizaga Bonelli, Eduardo"]
[Black "Adly, Ahmed"]
[Result "1/2-1/2"]
[WhiteTitle "GM"]
[BlackTitle "GM"]
[WhiteElo "2624"]
[BlackElo "2626"]
[WhiteFideId "3901211"]
[BlackFideId "10601619"]
[EventDate "2018.04.02"]

1. Nf3 d5 2. d4 Nf6 3. c4 e6 4. g3 dxc4 5. Bg2 a6 6. O-O Ra7 7. Ne5 Be7 8. a4
O-O 9. Nc3 c5 10. dxc5 Bxc5 11. Nxc4 b6 12. Qxd8 Rxd8 13. Bf4 Nbd7 14. Rfd1 Bb7
15. Bd6 Bxd6 16. Rxd6 Bxg2 17. Kxg2 Rb8 18. Rc6 Kf8 19. b4 Ne8 20. Rd1 Ke7 21.
a5 b5 22. Nd6 Rc7 23. Rxc7 Nxc7 24. Nxf7 Ne8 25. Ne4 Rc8 26. Kf3 Rc7 27. Nfd6
Nxd6 28. Rxd6 Ne5+ 29. Kf4 Nc6 30. Kf3 h6 31. h4 Ne5+ 32. Kf4 Nc6 33. Kf3 Ne5+
34. Kf4 Nc6 1/2-1/2

[Event "20th Dubai Open 2018"]
[Site "Dubai UAE"]
[Date "2018.04.10"]
[Round "9.3"]
[White "Sethuraman, S.P."]
[Black "Jones, Gawain C B"]
[Result "1/2-1/2"]
[WhiteTitle "GM"]
[BlackTitle "GM"]
[WhiteElo "2631"]
[BlackElo "2675"]
[WhiteFideId "5021596"]
[BlackFideId "409561"]
[EventDate "2018.04.02"]

1. d4 Nf6 2. c4 g6 3. Nc3 Bg7 4. e4 d6 5. f3 O-O 6. Be3 c5 7. Nge2 Nc6 8. d5 Ne5
9. Ng3 h5 10. Be2 h4 11. Nf1 e6 12. Bg5 exd5 13. Nxd5 h3 14. gxh3 Bxh3 15. Ng3
Qa5+ 16. b4 Qd8 17. bxc5 Qa5+ 18. Bd2 Qa6 19. Nc7 Qc6 20. Nxa8 Qxc5 21. Qb3 Rxa8
22. Bb4 Qb6 23. O-O-O Rd8 24. f4 Neg4 25. c5 Rc8 26. Bc4 Qc7 27. Rxd6 b5 28.
Bxf7+ Qxf7 29. e5 Qxb3 30. axb3 Bf8 31. Rxf6 Nxf6 32. exf6 a5 33. Bxa5 Bxc5 34.
Kb1 Bd6 35. Bd2 Kf7 36. Re1 Bg2 37. f5 Bxg3 38. fxg6+ Kxg6 39. hxg3 Kxf6 40. Kb2
Kf5 41. Bf4 Be4 42. Bd6 Re8 43. Ka3 Re6 44. Rf1+ Kg5 45. Rd1 Bf3 46. Rd4 Be2 47.
Kb4 Kf5 48. Rf4+ Kg6 49. Rd4 Kf5 50. Kc5 Re4 51. Rd2 Kg4 52. Bf4 Re8 53. b4 Re4
54. Bd6 Rc4+ 55. Kb6 Re4 56. Rd5 Bc4 57. Rd2 Be2 58. Ka5 Bc4 59. Rh2 Re6 60.
Rh4+ Kf5 61. Rf4+ Kg6 62. Rd4 Kf5 63. g4+ Kg5 64. Bc7 Rc6 65. Bd8+ Kg6 66. Bb6
Kg5 67. Re4 Re6 68. Bd8+ Kg6 69. Rf4 Rd6 70. Bc7 Rc6 71. Bb6 Kg5 72. Be3 Kg6 73.
Bc5 Re6 74. Rd4 Be2 75. Bb6 Bc4 76. Bd8 Rc6 77. g5 Kf5 78. Bf6 Re6 79. Rd8 Kg6
80. Rb8 Kf5 81. Rxb5+ Bxb5 82. Kxb5 Re1 83. Kb6 Ke6 84. b5 Kd7 85. Kb7 Rg1 86.
b6 Rg3 87. Kb8 Kc6 88. Bd8 Rxg5 89. Bxg5 Kxb6 1/2-1/2

[Event "20th Dubai Open 2018"]
[Site "Dubai UAE"]
[Date "2018.04.10"]
[Round "9.4"]
[White "Kryvoruchko, Yuriy"]
[Black "Kovalev, Vladislav"]
[Result "1/2-1/2"]
[WhiteTitle "GM"]
[BlackTitle "GM"]
[WhiteElo "2703"]
[BlackElo "2648"]
[WhiteFideId "14109182"]
[BlackFideId "13504398"]
[EventDate "2018.04.02"]

1. e4 e5 2. Nf3 Nc6 3. Bb5 a6 4. Ba4 Nf6 5. O-O Be7 6. Re1 b5 7. Bb3 O-O 8. c3
d6 9. h3 Na5 10. Bc2 c5 11. d4 Qc7 12. Nbd2 Be6 13. d5 Bd7 14. Nf1 Nc4 15. N3h2
Rfb8 16. g4 g6 17. Ng3 Ne8 18. Rf1 Qd8 19. b3 Nb6 20. f4 exf4 21. Bxf4 Bf6 22.
Qf3 Qe7 23. Rae1 Be5 24. Bxe5 dxe5 25. Qe3 c4 26. Rf2 Nc8 27. Ref1 Ncd6 28. b4
a5 29. a3 axb4 30. axb4 Ra3 31. Kg2 Rba8 32. Bd1 f6 33. Bc2 Ra1 34. Rxa1 1/2-1/2

[Event "20th Dubai Open 2018"]
[Site "Dubai UAE"]
[Date "2018.04.10"]
[Round "9.6"]
[White "Akopian, Vladimir"]
[Black "Debashis, Das"]
[Result "1/2-1/2"]
[WhiteTitle "GM"]
[BlackTitle "GM"]
[WhiteElo "2667"]
[BlackElo "2518"]
[WhiteFideId "13300032"]
[BlackFideId "5024854"]
[EventDate "2018.04.02"]

1. Nf3 Nf6 2. g3 d5 3. Bg2 c6 4. c4 Bg4 5. Ne5 Bf5 6. cxd5 cxd5 7. Qa4+ Nc6 8.
Nc3 Bd7 9. Nxd7 Qxd7 10. O-O e6 11. d3 Be7 12. Bd2 O-O 13. a3 Rac8 14. Rfc1 Rfd8
15. b4 Nd4 16. Qd1 Ne8 17. e3 Nb5 18. Nxb5 Qxb5 19. Qb3 Nd6 20. a4 Qd7 21. b5 b6
22. Bf1 Nb7 23. d4 Rxc1 24. Rxc1 Rc8 25. Rxc8+ Qxc8 26. Qc3 Qxc3 27. Bxc3 f5 28.
h3 h5 29. g4 hxg4 30. hxg4 g6 31. gxf5 gxf5 32. f3 Nd6 33. Bd3 Kf7 34. Kf2 Bg5
35. Ke2 Ke7 36. a5 Kd7 37. a6 Kc7 38. Be1 Kd7 39. Bg3 Ke7 40. Be5 Kd7 41. Kf2
Ke7 42. Ke2 1/2-1/2

[Event "20th Dubai Open 2018"]
[Site "Dubai UAE"]
[Date "2018.04.10"]
[Round "9.7"]
[White "Anton Guijarro, David"]
[Black "Ghaem Maghami, Ehsan"]
[Result "1/2-1/2"]
[WhiteTitle "GM"]
[BlackTitle "GM"]
[WhiteElo "2653"]
[BlackElo "2523"]
[WhiteFideId "2285525"]
[BlackFideId "12500739"]
[EventDate "2018.04.02"]

1. d4 Nf6 2. c4 e6 3. Nf3 Bb4+ 4. Nbd2 O-O 5. a3 Bxd2+ 6. Qxd2 b6 7. e3 Bb7 8.
b4 d6 9. Bb2 a5 10. b5 Nbd7 11. Be2 Qe7 12. a4 Ne4 13. Qc2 f5 14. Rd1 Ng5 15. d5
Nxf3+ 16. Bxf3 e5 17. O-O Nc5 18. g3 Rae8 19. Bh5 g6 20. Bf3 Bc8 21. Rde1 h5 22.
Bg2 Kh7 23. f4 e4 24. Bd4 Kg8 25. Rd1 Kf7 26. Rf2 Nd7 27. Bf1 Nf6 28. Rg2 Rh8
29. h3 Rd8 30. Be2 Bd7 31. Kf2 Rh7 32. Rdg1 Rf8 33. Rd1 Ra8 34. Bc3 Ra7 35. Qd2
Qd8 36. Rh1 Qe7 37. Rhh2 Ra8 38. Qd4 Rah8 39. Rh1 Ra8 40. Rgg1 Rah8 41. Qd2 Bc8
42. Qb2 Kg7 43. Rd1 Kf7 44. Qa1 Qd8 45. c5 bxc5 46. Bxa5 h4 47. Rdg1 Bb7 48. Bc3
hxg3+ 49. Rxg3 Bxd5 50. Kg2 Rg8 51. Rd1 Be6 52. b6 cxb6 53. Bxf6 Qxf6 54. Qxf6+
Kxf6 55. Rxd6 Ra8 56. Bc4 Re7 57. Rxb6 Rxa4 58. Bxe6 Rxe6 59. Rxg6+ Kxg6 60.
Rxe6+ Kf7 61. Re5 Kg6 62. Rxc5 Ra3 63. Kf2 Ra2+ 64. Kg3 Ra3 65. Rc6+ Kh5 66. Kf2
Ra2+ 67. Kg3 Ra3 68. Kf2 Ra2+ 1/2-1/2

[Event "20th Dubai Open 2018"]
[Site "Dubai UAE"]
[Date "2018.04.10"]
[Round "9.8"]
[White "Narayanan, S.L."]
[Black "Safarli, Eltaj"]
[Result "0-1"]
[WhiteTitle "GM"]
[BlackTitle "GM"]
[WhiteElo "2568"]
[BlackElo "2653"]
[WhiteFideId "5058422"]
[BlackFideId "13402129"]
[EventDate "2018.04.02"]

1. d4 Nf6 2. c4 g6 3. Nc3 d5 4. Nf3 Bg7 5. h4 c6 6. Bg5 Ne4 7. e3 Qa5 8. Qb3 h6
9. Bf4 Nxc3 10. bxc3 Be6 11. Bd3 Nd7 12. Qxb7 Qxc3+ 13. Ke2 O-O 14. Rhc1 Qa3 15.
cxd5 cxd5 16. Qa6 Qb2+ 17. Nd2 Rac8 18. Rab1 Qxc1 19. Rxc1 Rxc1 20. Qxa7 Rg1 21.
a4 Rxg2 22. a5 Bg4+ 23. Kf1 Bh3 24. Ke2 e5 25. dxe5 Nxe5 26. Bg3 Bg4+ 27. Kf1
Rxg3 28. fxg3 Nxd3 29. a6 Rc8 30. Nb3 d4 31. exd4 Bf3 32. Qd7 Rc2 33. Qe8+ Bf8
34. Qe3 Rf2+ 35. Kg1 Rg2+ 36. Kf1 Rf2+ 37. Kg1 Rg2+ 38. Kf1 Rxg3 39. Qd2 Bd5 40.
a7 Rf3+ 41. Kg1 Nf4 42. Qa5 Rxb3 43. Qxd5 Nxd5 44. a8=Q Nf6 45. Qc6 Kg7 46. Kf2
Rb8 47. Qc7 Rb5 0-1

[Event "20th Dubai Open 2018"]
[Site "Dubai UAE"]
[Date "2018.04.10"]
[Round "9.9"]
[White "Deepan, Chakkravarthy J."]
[Black "Efimenko, Zahar"]
[Result "0-1"]
[WhiteTitle "GM"]
[BlackTitle "GM"]
[WhiteElo "2499"]
[BlackElo "2634"]
[WhiteFideId "5011132"]
[BlackFideId "14107201"]
[EventDate "2018.04.02"]

1. e4 g6 2. d4 Bg7 3. Nc3 d6 4. Be3 a6 5. a4 b6 6. h4 Nf6 7. f3 Nbd7 8. g4 h6 9.
Nce2 Bb7 10. Ng3 e6 11. Bd3 c5 12. c3 h5 13. g5 Ng8 14. Nh3 Ne7 15. O-O Nc6 16.
Be2 Qc7 17. Qd2 Na5 18. Ra3 d5 19. e5 O-O-O 20. Bf2 Rhe8 21. Ra2 Nxe5 22. dxe5
Bxe5 23. Kg2 Bg7 24. Qc2 c4 25. Re1 e5 26. Bf1 Nb3 27. Ng1 e4 28. Ra3 exf3+ 29.
Kh2 Rxe1 30. Bxe1 d4 31. Rxb3 cxb3 32. Qxb3 d3 33. Qd1 d2 34. Bf2 Kb8 35. a5
bxa5 36. c4 Bxb2 37. c5 a4 38. Bc4 a3 39. Bb3 a5 40. Nh3 a4 41. Bc4 Bc6 42. Kg1
Bd4 43. Kf1 Bxf2 44. Kxf2 Qe5 45. Nf1 Qd4+ 0-1

[Event "20th Dubai Open 2018"]
[Site "Dubai UAE"]
[Date "2018.04.10"]
[Round "9.10"]
[White "Gupta, Abhijeet"]
[Black "Karthikeyan, P."]
[Result "1/2-1/2"]
[WhiteTitle "GM"]
[BlackTitle "IM"]
[WhiteElo "2617"]
[BlackElo "2481"]
[WhiteFideId "5010608"]
[BlackFideId "5018226"]
[EventDate "2018.04.02"]

1. d4 Nf6 2. c4 g6 3. Nc3 Bg7 4. e4 d6 5. Nf3 O-O 6. h3 e5 7. d5 a5 8. g4 Na6 9.
Bg5 Qe8 10. Be3 Kh8 11. Be2 Nd7 12. a3 f5 13. gxf5 gxf5 14. Rg1 Nf6 15. exf5
Bxf5 16. Nh4 Bd7 17. Qc2 Nc5 18. Nf5 Bxf5 19. Qxf5 Nb3 20. Rd1 Nd4 21. Qg5 Qf7
22. Bxd4 exd4 23. Rxd4 Nh5 24. Rdg4 Bxc3+ 25. bxc3 Rae8 26. Kd1 Re5 27. Qd2 Qe8
28. f4 Qa4+ 29. Ke1 Re4 30. f5 Qxc4 31. Rxe4 Qxe4 32. Qg5 Qb1+ 33. Bd1 Qe4+ 34.
Kd2 Qf4+ 35. Qxf4 Nxf4 36. Re1 Rxf5 37. Re7 Nxd5 38. Rd7 b5 39. Be2 Rf2 40. Ke1
Rh2 41. Bxb5 Nxc3 42. Bc6 Rxh3 43. Rxc7 a4 44. Bd7 Rg3 45. Bf5 Nb5 46. Rxh7+ Kg8
47. Rh3 Rxh3 48. Bxh3 Nxa3 49. Bd7 1/2-1/2

[Event "20th Dubai Open 2018"]
[Site "Dubai UAE"]
[Date "2018.04.10"]
[Round "9.11"]
[White "Maghsoodloo, Parham"]
[Black "Tahbaz, Arash"]
[Result "1/2-1/2"]
[WhiteTitle "GM"]
[BlackTitle "IM"]
[WhiteElo "2615"]
[BlackElo "2434"]
[WhiteFideId "12539929"]
[BlackFideId "12528846"]
[EventDate "2018.04.02"]

1. Nf3 Nf6 2. c4 c5 3. Nc3 g6 4. e4 Nc6 5. d4 cxd4 6. Nxd4 Nxd4 7. Qxd4 d6 8.
Be3 Bg7 9. f3 O-O 10. Qd2 Be6 11. Rc1 Qa5 12. b3 a6 13. Nd5 Qxd2+ 14. Kxd2 Bxd5
15. cxd5 Rfc8 16. Rxc8+ Rxc8 17. g3 e6 18. Bh3 Re8 19. dxe6 fxe6 20. Rc1 Kf7 21.
Kd3 Re7 22. f4 h5 23. Rc8 Rd7 24. a4 d5 25. e5 Ng4 26. Bxg4 hxg4 27. Kd4 Bf8 28.
Bd2 Be7 29. b4 Bd8 30. Kd3 Bb6 31. a5 Bd8 32. Be3 Be7 33. Bc5 Bd8 34. Bd6 g5 35.
fxg5 Bxg5 36. Rf8+ Kg6 37. Re8 Kf5 38. Rf8+ Kg6 39. Re8 Kf5 40. Rf8+ 1/2-1/2

[Event "20th Dubai Open 2018"]
[Site "Dubai UAE"]
[Date "2018.04.10"]
[Round "9.12"]
[White "Zubov, Alexander"]
[Black "Harsha, Bharathakoti"]
[Result "1/2-1/2"]
[WhiteTitle "GM"]
[BlackTitle "IM"]
[WhiteElo "2606"]
[BlackElo "2424"]
[WhiteFideId "14109409"]
[BlackFideId "5078776"]
[EventDate "2018.04.02"]

1. e4 e5 2. Nf3 Nc6 3. Bc4 Bc5 4. c3 Nf6 5. d3 a6 6. Bg5 h6 7. Bh4 d6 8. Bb3 g5
9. Bg3 Ba7 10. Nbd2 Qe7 11. Nf1 Be6 12. Ba4 b5 13. Bb3 a5 14. a4 b4 15. N1d2 Rb8
16. Bc4 bxc3 17. bxc3 Bxc4 18. Nxc4 Qe6 19. Qe2 O-O 20. O-O Rb3 21. Rfc1 Bc5 22.
Kh1 Re8 23. Nfd2 Rb7 24. Re1 Kh7 25. Qd1 Kg7 26. Nb3 Bb6 27. Nbd2 Bc5 28. Nf1
Reb8 29. Rc1 Rb3 30. Nfd2 R3b7 31. Qe2 Rd8 32. Red1 Re8 33. Nf3 Ba7 34. Re1 Rb3
35. Nfd2 Rb7 36. h3 Kg6 37. Bh2 Bc5 38. Nf1 d5 39. exd5 Qxd5 40. Bxe5 Bxf2 41.
Nfe3 Bxe3 42. Bxf6 Qe6 43. Nxe3 Qxf6 44. d4 Rbb8 45. Qd3+ Kg7 46. Rf1 Qg6 47.
Nf5+ Kh7 48. Qc4 Qe6 49. Qc5 Rb2 50. Rce1 Qxe1 51. Rxe1 Rxe1+ 52. Kh2 Kg6 53.
Qxc6+ Kxf5 54. Qxc7 Kg6 55. Qxa5 h5 56. Qa6+ Kg7 57. Qa5 Kg6 58. Qa8 h4 59. Qg8+
Kf6 60. Qd8+ Kg6 61. Qg8+ Kf6 62. Qd8+ 1/2-1/2

[Event "20th Dubai Open 2018"]
[Site "Dubai UAE"]
[Date "2018.04.10"]
[Round "9.13"]
[White "Vishnu Prasanna, V"]
[Black "Volkov, Sergey"]
[Result "1/2-1/2"]
[WhiteTitle "GM"]
[BlackTitle "GM"]
[WhiteElo "2510"]
[BlackElo "2598"]
[WhiteFideId "5030692"]
[BlackFideId "4122763"]
[EventDate "2018.04.02"]

1. e4 e6 2. d4 d5 3. Nc3 Nf6 4. Bg5 Bb4 5. e5 h6 6. Be3 Ne4 7. a3 Bxc3+ 8. bxc3
Nxc3 9. Qg4 Kf8 10. Bd3 Nc6 11. Nh3 f5 12. exf6 Qxf6 13. Qg3 e5 14. dxe5 Nxe5
15. Bd4 Nxd3+ 16. Qxd3 Qe7+ 17. Be3 Bxh3 18. Qxc3 Bg4 19. O-O b6 20. Rae1 Qd7
21. Bf4 c5 22. Re5 Re8 23. Rfe1 Kf7 24. h3 Bf5 25. Qb3 Rxe5 26. Rxe5 Rd8 27. Qf3
Be4 28. Qe2 Re8 29. Qh5+ Bg6 30. Qf3 Rxe5 31. Bxe5+ Kg8 32. c3 Qe6 33. Qe3 Kh7
34. g4 Qd7 35. Qf4 a5 36. h4 b5 37. f3 d4 38. cxd4 c4 39. h5 Bd3 40. d5 Qxd5 41.
g5 hxg5 42. Qxg5 Qf7 43. Bc3 Be2 44. Qg6+ Qxg6+ 45. hxg6+ Kxg6 46. Kf2 Bd1 47.
Bxa5 Kf5 48. Ke3 g5 49. Bc3 Ke6 50. Bb4 Bc2 51. Ba5 Bg6 52. Bb4 Be8 53. Ba5 Bc6
54. Bb4 Kf5 55. Ba5 Kg6 56. Kf2 Bb7 57. Bb4 Kf6 58. Ke3 Bc8 59. Ba5 Be6 60. Bb4
Bf7 61. Ba5 Bh5 62. Bb4 Ke6 63. Bc3 Kd5 64. Bf6 Bg6 65. Kd2 Bh5 66. Bxg5 Bxf3
67. Kc3 Bd1 68. Be7 1/2-1/2

[Event "20th Dubai Open 2018"]
[Site "Dubai UAE"]
[Date "2018.04.10"]
[Round "9.14"]
[White "Santiago, Yago De Moura"]
[Black "Rakhmanov, Aleksandr"]
[Result "0-1"]
[WhiteTitle "GM"]
[BlackTitle "GM"]
[WhiteElo "2476"]
[BlackElo "2652"]
[WhiteFideId "2103877"]
[BlackFideId "4173708"]
[EventDate "2018.04.02"]

1. c4 e6 2. Nc3 d5 3. d4 Nf6 4. Nf3 a6 5. cxd5 exd5 6. g3 c6 7. Bg2 Bd6 8. O-O
O-O 9. b3 Re8 10. Bb2 Nbd7 11. e3 Qe7 12. Qc2 Ne4 13. Nxe4 dxe4 14. Nd2 Nf6 15.
Nc4 Bf5 16. Rfd1 Nd5 17. a3 Rad8 18. Re1 Qe6 19. Rac1 h5 20. Qe2 h4 21. Nd2 Qg6
22. Qf1 Qh5 23. Qe2 Bg4 24. Qc4 hxg3 25. fxg3 f5 26. Qf1 Re6 27. Qf2 Rh6 28. Nf1
Rf8 29. Rc5 Bxc5 30. dxc5 Bh3 31. Bxh3 Qxh3 32. Qd2 Qg4 33. Be5 Re8 34. Bd4 Qg6
35. Re2 Qe6 36. Qe1 Nf6 37. Nd2 Nh7 38. Qf1 Rf8 39. Qf4 Qe7 40. Rg2 Ng5 41. Qf1
Qf7 42. b4 Qd5 43. h4 Nh7 44. Qa1 Rg6 45. Qc3 Nf6 46. Nc4 Nh5 47. Kh2 Nf6 48.
Rd2 Ng4+ 49. Kg1 Qe6 50. Rg2 Rd8 51. Kh1 Kh7 52. Kg1 Qe7 53. Nd6 Rdxd6 54. cxd6
Rxd6 55. Qb3 Qd7 56. Rd2 Ne5 57. Rd1 Nf3+ 58. Kg2 Rd5 59. Qc3 a5 60. h5 axb4 61.
axb4 f4 62. Qc2 Ng5 63. Rh1 f3+ 64. Kf1 b6 65. h6 g6 0-1